Aké boli podmienky rozvoja geologických vied na Slovensku (1) Baníctvo sa stalo základom rozvoja geologických poznatkov

Bibliographic Details
Main Author: Herčko, Ivan, 1943- (Author)
Format: Article
Language:Slovak
PhysicalDescription:Obr. 3.
Subjects:

MARC

LEADER 00000nab a2200000 a 4500
001 vtls000246065
003 SK-MaSNL
005 20260305001237.0
008 111130c1986 xo 0 slo
015 |a SNBRB19rr/mm-uuuuu 
035 |a CL0256179 
040 |a SNKBUCL  |b slo  |c SNKBUCL  |e AACR2 
041 0 |a slo 
044 |a xo  |c SK 
080 |a 55:622(091)  |2 1981 
080 |a 622(091)  |2 1981 
080 |a 622  |2 1981 
100 1 |a Herčko, Ivan,  |d 1943-  |4 aut  |9 40211 
245 1 0 |a Aké boli podmienky rozvoja geologických vied na Slovensku (1)  |b Baníctvo sa stalo základom rozvoja geologických poznatkov  |c Ivan Herčko 
300 |b Obr. 3. 
650 0 7 |a geológia  |2 snkbucl  |9 167377 
650 0 7 |a baníctvo  |2 snkbucl  |9 3571 
655 7 |a články z novín a časopisov  |2 snkbucl  |9 267496 
773 0 |t Technické noviny  |g Roč. 34, č. 14 (1986), s. 15 
850 |a Slovenská národná knižnica v Martine  |a MTA001 
852 |a SNK  |b KIS3GCP 
958 |a RK 
992 |a RBX 
999 |c 3218113  |d 3220043